01237nam a22004095i 4500001001800000003000900018005001700027007001500044008004100059020001800100024003500118050001200153072001500165072002300180082001200203100002100215245009500236260006100331300001300392650001700405650002300422650002200445650002700467650001300494650001700507650001700524650002600541650002200567650002800589650002400617650002200641650002600663710003400689773002000723776003600743856004800779978-3-642-11672-8DE-He21320130515022011.0cr nn 008mamaa100803s2010 gw | s |||| 0|eng d a97836421167287 a10.1007/978-3-642-11672-82doi 4aQA1-939 7aPB2bicssc 7aMAT0000002bisacsh04a5102231 aStubhaug, Arild.10aGösta Mittag-Lefflerh[electronic resource] :bA Man of Conviction /cby Arild Stubhaug. aBerlin, Heidelberg :bSpringer Berlin Heidelberg,c2010. bdigital. 0aMathematics. 0aScience (General). 0aSciencexHistory. 0aMathematics_$xHistory. 0aPhysics. 0aEngineering.14aMathematics.24aMathematics, general.24aScience, general.24aHistory of Mathematics.24aHistory of Science.24aPhysics, general.24aEngineering, general.2 aSpringerLink (Online service)0 tSpringer eBooks08iPrinted edition:z978364211671140uhttp://dx.doi.org/10.1007/978-3-642-11672-8